IT : butlletí informatiu / butlletí informatiu /
Descripción Física:
1 carpeta ; 5 vols. ; il·lustracions ; periodicitat: 2 número l'any ; 30 cm
MARC
| LEADER | 00000nas a2200000 a 4500 | ||
|---|---|---|---|
| 001 | 28094 | ||
| 003 | AGDB | ||
| 005 | 20260324175350.0 | ||
| 008 | 160829s1998 - xx 000 0 cat d | ||
| 008 | 160829s9999 xx 000 0 cat d | ||
| 017 | |a B 15766-1998 | ||
| 040 | |a agdb |b cat | ||
| 080 | |a Revistes | ||
| 110 | 1 | |a Institut del Teatre (Barcelona, Catalunya) |9 52662 | |
| 245 | |a IT : |b butlletí informatiu / |c Institut del Teatre | ||
| 260 | |a Barcelona : |b Diputació de Barcelona : |b Institut del Teatre ; |c 1998 - | ||
| 300 | |a 1 carpeta ; 5 vols. ; |b il·lustracions ; periodicitat: 2 número l'any ; |c 30 cm | ||
| 362 | |a Núm. 1 (jul. 1998)- | ||
| 590 | |a 2 núms. l'any. | ||
| 590 | |a Bibliografia. | ||
| 610 | 2 | 0 | |a Institut del Teatre (Barcelona, Catalunya) |v Revistes |9 55971 |
| 866 | |a 1998 (1) | ||
| 866 | |a 1999 (2, 3) | ||
| 866 | |a 2000 (4, 5) | ||
| 901 | |a Arxiu | ||
| 942 | |n 1 |2 udc |c REV | ||
| 952 | |0 0 |1 0 |2 udc |4 0 |6 REV2216 |7 1 |9 45141 |a Arxiu |b Arxiu |d 2016-12-01 |h Núm. 1 (juliol 1998) - Núm. 5 (juliol 2000) |o Rev-2216 |p 28094 |r 2016-12-01 00:00:00 |w 2016-12-01 |y ARXIU | ||
| 999 | |c 47968 |d 47968 | ||